مكتبة جامعة عجلون الوطنية

فهرس بحث المكتبة

المنطق الأخلاقي والمعرفي لثقافة المنظمة (Record no. 29566)

MARC details
000 -LEADER
fixed length control field 00866nam a2200229Ii 4500
003 - CONTROL NUMBER IDENTIFIER
control field JO-AjNU
008 - FIXED-LENGTH DATA ELEMENTS--GENERAL INFORMATION
fixed length control field 230605s9999||||xx |||||||||||||| ||und||
017 ## - COPYRIGHT OR LEGAL DEPOSIT NUMBER
Copyright or legal deposit number 2017/8/4134
020 ## - INTERNATIONAL STANDARD BOOK NUMBER
International Standard Book Number 978-9957-687-05-2
040 ## - CATALOGING SOURCE
Original cataloging agency JO-AjNU
Language of cataloging ara
Description conventions rda
Transcribing agency JO-AjNU
041 ## - LANGUAGE CODE
Language code of text/sound track or separate title ara
050 14 - LIBRARY OF CONGRESS CALL NUMBER
Classification number HD4824.S343 2018
100 3# - MAIN ENTRY--PERSONAL NAME
Personal name الساعدي، مؤيد، م. مشارك أريج سعيد خليل العاني ,
Relator term author
9 (RLIN) 57949
245 00 - TITLE STATEMENT
Title المنطق الأخلاقي والمعرفي لثقافة المنظمة
250 ## - EDITION STATEMENT
Edition statement ط1
264 31 - PRODUCTION, PUBLICATION, DISTRIBUTION, MANUFACTURE, AND COPYRIGHT NOTICE
Place of production, publication, distribution, manufacture عمان: دار صفاء للنشر والتوزيع، 2018
300 ## - PHYSICAL DESCRIPTION
Extent 416ص
Other physical details يحتوي على جداول وصور توضيحيه
336 ## - CONTENT TYPE
Content type term text
Content type code txt
Source rdacontent
337 ## - MEDIA TYPE
Media type term unmediated
Media type code n
Source rdamedia
338 ## - CARRIER TYPE
Carrier type term volume
Carrier type code nc
Source rdacarrier
650 #4 - SUBJECT ADDED ENTRY--TOPICAL TERM
Topical term or geographic name entry element الآداب- علم النفس التطبيقي
9 (RLIN) 57950

No items available.